<?xml version="1.0" encoding="UTF-8"?>
<record
    xmlns:xsi="http://www.w3.org/2001/XMLSchema-instance"
    xsi:schemaLocation="http://www.loc.gov/MARC21/slim http://www.loc.gov/standards/marcxml/schema/MARC21slim.xsd"
    xmlns="http://www.loc.gov/MARC21/slim">

  <leader>02037nam a22003137a 4500</leader>
  <controlfield tag="001">1571</controlfield>
  <controlfield tag="003">FISKH</controlfield>
  <controlfield tag="005">20231002115254.0</controlfield>
  <controlfield tag="008">230907b        cb ||||| |||| 00| 0 khr d</controlfield>
  <datafield tag="020" ind1=" " ind2=" ">
    <subfield code="a">9789996305610</subfield>
  </datafield>
  <datafield tag="040" ind1=" " ind2=" ">
    <subfield code="a">FISKH </subfield>
    <subfield code="b">eng</subfield>
    <subfield code="c">FISKH </subfield>
    <subfield code="d">FISKH </subfield>
  </datafield>
  <datafield tag="082" ind1=" " ind2=" ">
    <subfield code="a">128.4</subfield>
  </datafield>
  <datafield tag="100" ind1=" " ind2=" ">
    <subfield code="a">Anonymous</subfield>
  </datafield>
  <datafield tag="245" ind1=" " ind2=" ">
    <subfield code="a">&#x1791;&#x17C6;&#x1793;&#x17B6;&#x1780;&#x17CB;&#x1791;&#x17C6;&#x1793;&#x1784;&#x179F;&#x17D2;&#x1793;&#x17C1;&#x17A0;&#x17B6; &#x1793;&#x17B7;&#x1784;&#x179F;&#x17BB;&#x1781;&#x1797;&#x17B6;&#x1796;&#x1794;&#x1793;&#x17D2;&#x178F;&#x1796;&#x17BC;&#x1787; / </subfield>
  </datafield>
  <datafield tag="250" ind1=" " ind2=" ">
    <subfield code="a">&#x1794;&#x17C4;&#x17C7;&#x1796;&#x17BB;&#x1798;&#x17D2;&#x1796;&#x179B;&#x17BE;&#x1780;&#x1791;&#x17B8;&#x17E2; &#x1798;&#x17B7;&#x200B;&#x1793;&#x17B6;&#x200B; &#x17E2;&#x17E0;&#x17E1;&#x17E7;</subfield>
  </datafield>
  <datafield tag="260" ind1=" " ind2=" ">
    <subfield code="a">Phnom Penh : </subfield>
    <subfield code="b">Sipar, </subfield>
    <subfield code="c">2017.</subfield>
  </datafield>
  <datafield tag="300" ind1=" " ind2=" ">
    <subfield code="a">44 pages : </subfield>
    <subfield code="b">color illustrations ; </subfield>
    <subfield code="c">29 cm</subfield>
  </datafield>
  <datafield tag="490" ind1=" " ind2=" ">
    <subfield code="a">&#x1794;&#x17C6;&#x1793;&#x17B7;&#x1793;&#x1787;&#x17B8;&#x179C;&#x17B7;&#x178F;&#x200B;</subfield>
  </datafield>
  <datafield tag="505" ind1=" " ind2=" ">
    <subfield code="a">Z'
</subfield>
  </datafield>
  <datafield tag="520" ind1=" " ind2=" ">
    <subfield code="a">&#x1794;&#x1784;&#x17D2;&#x17A0;&#x17B6;&#x1789;&#x1796;&#x17B8;&#x1782;&#x1793;&#x17D2;&#x179B;&#x17B9;&#x17C7;&#x179F;&#x17C6;&#x1781;&#x17B6;&#x1793;&#x17CB;&#x17D7;&#x179A;&#x17BD;&#x1798;&#x1798;&#x17B6;&#x1793;&#x17D6; &#x1791;&#x17C6;&#x1793;&#x17B6;&#x1780;&#x17CB;&#x1791;&#x17C6;&#x1793;&#x1784;&#x179F;&#x17D2;&#x1793;&#x17C1;&#x17A0;&#x17B6; &#x179F;&#x17BB;&#x1781;&#x1797;&#x17B6;&#x1796;&#x1794;&#x1793;&#x17D2;&#x178F;&#x1796;&#x17BC;&#x1787; &#x1795;&#x179B;&#x179C;&#x17B7;&#x1794;&#x17B6;&#x1780;&#x1793;&#x17C3;&#x1780;&#x17B6;&#x179A;&#x179A;&#x17C6;&#x179B;&#x17BC;&#x178F;&#x1780;&#x17BC;&#x1793; &#x1780;&#x17B6;&#x179A;&#x1792;&#x17D2;&#x179C;&#x17BE;&#x17A2;&#x1793;&#x17B6;&#x1798;&#x17D0;&#x1799; &#x1780;&#x17B6;&#x179A;&#x1780;&#x17B6;&#x179A;&#x1796;&#x17B6;&#x179A;&#x1781;&#x17D2;&#x179B;&#x17BD;&#x1793;&#x1796;&#x17B8;&#x1787;&#x17C6;&#x1784;&#x17BA;&#x1780;&#x17B6;&#x1798;&#x179A;&#x17C4;&#x1782;&#x1795;&#x17D2;&#x179F;&#x17C1;&#x1784;&#x17D7; &#x1793;&#x17B7;&#x1784;&#x1796;&#x17D0;&#x178F;&#x17CD;&#x1798;&#x17B6;&#x1793;&#x1785;&#x17B6;&#x17C6;&#x1794;&#x17B6;&#x1785;&#x17CB;&#x179F;&#x17C6;&#x1781;&#x17B6;&#x1793;&#x17CB;&#x17D7; &#x1791;&#x17B6;&#x1780;&#x17CB;&#x1791;&#x1784;&#x1793;&#x17B7;&#x1784;&#x179F;&#x17C1;&#x179C;&#x17B6;&#x1796;&#x17B7;&#x1782;&#x17D2;&#x179A;&#x17C4;&#x17C7;&#x1799;&#x17C4;&#x1794;&#x179B;&#x17CB; &#x1780;&#x17B6;&#x179A;&#x1796;&#x17D2;&#x1799;&#x17B6;&#x1794;&#x17B6;&#x179B;&#x1787;&#x17C6;&#x1784;&#x17BA; &#x1793;&#x17B7;&#x1784;&#x179F;&#x17C1;&#x179C;&#x17B6;&#x17A2;&#x1793;&#x17D2;&#x178F;&#x179A;&#x17B6;&#x1782;&#x1798;&#x1793;&#x17CD; &#x1796;&#x17C1;&#x179B;&#x1798;&#x17B6;&#x1793;&#x1780;&#x17B6;&#x179A;&#x179A;&#x17C6;&#x179B;&#x17C4;&#x1797;&#x1794;&#x17C6;&#x1796;&#x17B6;&#x1793;&#x1795;&#x17D2;&#x179B;&#x17BC;&#x179C;&#x1797;&#x17C1;&#x1791;&#x17D4;  </subfield>
  </datafield>
  <datafield tag="520" ind1=" " ind2=" ">
    <subfield code="a">Highlights include: relationships, love, reproductive health, complications of abortion, hygiene, protection against various STIs, and essential information related to counseling, treatment, and abuse intervention services. Sex.</subfield>
  </datafield>
  <datafield tag="521" ind1="8" ind2=" ">
    <subfield code="a">1120

</subfield>
    <subfield code="b">Lexile estimate
</subfield>
  </datafield>
  <datafield tag="521" ind1="8" ind2=" ">
    <subfield code="a">Z'
</subfield>
    <subfield code="b">Raz-Plus
</subfield>
  </datafield>
  <datafield tag="650" ind1=" " ind2=" ">
    <subfield code="a">&#x1791;&#x17C6;&#x1793;&#x17B6;&#x1780;&#x17CB;&#x1791;&#x17C6;&#x1793;&#x1784; </subfield>
    <subfield code="v">&#x179F;&#x17D2;&#x1793;&#x17C1;&#x17A0;&#x17B6; </subfield>
    <subfield code="x">&#x1780;&#x17B6;&#x179A;&#x179A;&#x17C6;&#x179B;&#x17BC;&#x178F;&#x1780;&#x17BC;&#x1793; </subfield>
    <subfield code="y">&#x1796;&#x17B7;&#x1782;&#x17D2;&#x179A;&#x17C4;&#x17C7;&#x1799;&#x17C4;&#x1794;&#x179B;&#x17CB; </subfield>
  </datafield>
  <datafield tag="650" ind1=" " ind2=" ">
    <subfield code="a">Relationship </subfield>
    <subfield code="v">Love </subfield>
    <subfield code="x">Abortion </subfield>
    <subfield code="y">Consulting </subfield>
  </datafield>
  <datafield tag="700" ind1=" " ind2=" ">
    <subfield code="a">Ratha, Ouk </subfield>
    <subfield code="e">illustrator</subfield>
  </datafield>
  <datafield tag="700" ind1=" " ind2=" ">
    <subfield code="a">Sophaleap, Nhoek </subfield>
    <subfield code="e">illustrator</subfield>
  </datafield>
  <datafield tag="942" ind1=" " ind2=" ">
    <subfield code="2">ddc</subfield>
    <subfield code="c">BK</subfield>
    <subfield code="n">0</subfield>
  </datafield>
  <datafield tag="999" ind1=" " ind2=" ">
    <subfield code="c">1571</subfield>
    <subfield code="d">1571</subfield>
  </datafield>
  <datafield tag="952" ind1=" " ind2=" ">
    <subfield code="0">0</subfield>
    <subfield code="1">0</subfield>
    <subfield code="2">ddc</subfield>
    <subfield code="4">0</subfield>
    <subfield code="7">0</subfield>
    <subfield code="8">KHMERNF</subfield>
    <subfield code="a">001</subfield>
    <subfield code="b">001</subfield>
    <subfield code="c">RHTK2</subfield>
    <subfield code="d">2023-09-07</subfield>
    <subfield code="l">0</subfield>
    <subfield code="o">ANO 658.11</subfield>
    <subfield code="p">2023-0522</subfield>
    <subfield code="r">2023-09-07 10:28:46</subfield>
    <subfield code="t">1</subfield>
    <subfield code="w">2023-09-07</subfield>
    <subfield code="y">BK</subfield>
  </datafield>
  <datafield tag="952" ind1=" " ind2=" ">
    <subfield code="0">0</subfield>
    <subfield code="1">0</subfield>
    <subfield code="2">ddc</subfield>
    <subfield code="4">0</subfield>
    <subfield code="7">0</subfield>
    <subfield code="8">KHMERNF</subfield>
    <subfield code="a">001</subfield>
    <subfield code="b">001</subfield>
    <subfield code="c">RHTK2</subfield>
    <subfield code="d">2023-09-07</subfield>
    <subfield code="l">0</subfield>
    <subfield code="o">ANO 658.11</subfield>
    <subfield code="p">2023-0523</subfield>
    <subfield code="r">2023-09-07 10:29:03</subfield>
    <subfield code="t">2</subfield>
    <subfield code="w">2023-09-07</subfield>
    <subfield code="y">BK</subfield>
  </datafield>
</record>
